Kraje w kalendarzu f1 2023 - Statystyki

Ogólne statystyki
  • Ten quiz został rozwiązany 11 razy
  • Średni wynik to 17 z 22
Statystyki odpowiedzi
Hint Odpowiedź % Poprawnych
7 Hiszpania
100%
3 Australia
90%
6 Monako
90%
2 Arabia Saudyjska
80%
1 Bahrajn
80%
12 Belgia
80%
13 Holandia
80%
8 Kanada
80%
19 Meksyk
80%
5 Usa
80%
18 Usa
80%
21 Usa
80%
14 Włochy
80%
9 Austria
70%
4 Azerbejdżan
70%
20 Brazylia
70%
16 Japonia
70%
15 Singapur
70%
11 Węgry
70%
10 Wielka Brytania
70%
22 Zjednoczone Emiraty Arabskie
70%
17 Katar
60%
Nie znaleziono quizów pasujących do podanych kryteriów
Rozkład punktacji
Procent ludzi z każdym wynikiem
Percentyl według liczby udzielonych odpowiedzi
Twoja historia wyników
Nie rozwiązałeś tego quizu